Good references on the education of the indigenous peoples of Mexico ... (Record no. 21397)

MARC details
000 -LEADER
fixed length control field 00995cam a22002411 4500
001 - CONTROL NUMBER
control field e 34000506
003 - CONTROL NUMBER IDENTIFIER
control field DLC
005 - DATE AND TIME OF LATEST TRANSACTION
control field 20260227111224.0
008 - FIXED-LENGTH DATA ELEMENTS--GENERAL INFORMATION
fixed length control field 871223s1933 dcu b 000 0 eng c
010 ## - LIBRARY OF CONGRESS CONTROL NUMBER
LC control number e 34000506
035 ## - SYSTEM CONTROL NUMBER
System control number (OCoLC)17283216
040 ## - CATALOGING SOURCE
Original cataloging agency Library, U.S. Office of Education
Transcribing agency CU-BANC
Modifying agency DLC
042 ## - AUTHENTICATION CODE
Authentication code premarc
050 00 - LIBRARY OF CONGRESS CALL NUMBER
Classification number Z5811
Item number .U42 no. 8
100 1# - MAIN ENTRY--PERSONAL NAME
Personal name Cook, Katherine Margaret O'Brien,
Relator term comp.
245 00 - TITLE STATEMENT
Title Good references on the education of the indigenous peoples of Mexico ...
Statement of responsibility, etc. compiled by Katherine M. Cook, chief, Division of Special Problems and Florence E. Reynolds. U.S. Department of the Interior, Ray Lyman Wilbur, Secretary. Office of Education, William John Cooper, Commissioner.
260 ## - PUBLICATION, DISTRIBUTION, ETC.
Place of publication, distribution, etc. [Washington, D.C.,
Date of publication, distribution, etc. 1933]
300 ## - PHYSICAL DESCRIPTION
Extent 1 p. l., 11 p.
Dimensions 23 cm.
490 0# - SERIES STATEMENT
Series statement U.S. Office of Education. Bibliography
Volume/sequential designation no. 8
500 ## - GENERAL NOTE
General note Mimeographed.
650 #0 - SUBJECT ADDED ENTRY--TOPICAL TERM
Topical term or geographic name entry element Education
Geographic subdivision Mexico
Form subdivision Bibliography.
700 1# - ADDED ENTRY--PERSONAL NAME
Personal name Reynolds, Florence Evan,
Relator term joint comp.

No items available.

Powered by Koha